000 00787nam a2200217Ia 4500
003 OSt
005 20260224170157.0
008 221004b |||||||| |||| 00| 0 pan d
020 _a8171680720 (hbk)
037 _cTB
040 _aCRL
_cCRL
_bpan
041 _2pun
_apun
084 _aO44Q7,3x, 153Q0
_qCRL
100 _aਮੀਸ਼ਾ , ਪਰਮਜੀਤ ਸਿੰਘ
_9160250
245 0 _aਪਾਕਿਸਤਾਨੀ ਪੰਜਾਬੀ ਨਾਵਲ
260 _aਅੰਮ੍ਰਿਤਸਰ, ਭਾਰਤ :
_bਲੋਕ ਸਾਹਿਤ ਪ੍ਰਕਾਸ਼ਨ,
_c2010.
300 _a170ਪੰ
_ccm.
650 _aਪੰਜਾਬੀ ਸਾਹਿਤ
_9864370
942 _hO44Q7,3x, 153Q0
_cTB
_2CC
_n0
999 _c1024380
_d1024380